[Event "GER-chT Seniors 19th"]
[Site "Eckernfoerde"]
[Date "2010.09.18"]
[Round "6.1"]
[White "Walther, Diethelm"]
[Black "Potthammel, Joerg"]
[Result "1-0"]
[WhiteElo "2002"]
[BlackElo "2024"]
[PlyCount "37"]
[EventDate "2010.09.13"]
[EventType "team-swiss"]
[EventRounds "7"]
[EventCountry "GER"]
[SourceTitle "EXT 2011"]
[Source "ChessBase"]
[SourceDate "2010.11.26"]
[SourceVersion "1"]
[SourceVersionDate "2010.11.26"]
[SourceQuality "1"]
[WhiteTeam "Rheinland Pfalz"]
[BlackTeam "Mecklenburg Vorpommern"]
[WhiteTeamCountry "GER"]
[BlackTeamCountry "GER"]

1. d4 Nf6 2. Bg5 Ne4 3. Be3 d5 4. f3 Nf6 5. g3 g6 6. Qd2 Nbd7 7. c3 Nb6 8. b3 Bd7 9. a4 a5 10. Bg5 Rc8 11. Bg2 Bg7 12. e4 0-0 13. Ne2 Ne8 14. Bh6 f5 15. e5 e6 16. Bg5 Nf6 17. exf6 Bxf6 18. Bxf6 Qxf6 19. f4 1-0

[Event "GER-chT Seniors 19th"]
[Site "Eckernfoerde"]
[Date "2010.09.16"]
[Round "4.1"]
[White "Troeger, Rainer"]
[Black "Potthammel, Joerg"]
[Result "1/2-1/2"]
[WhiteElo "2049"]
[BlackElo "2024"]
[PlyCount "63"]
[EventDate "2010.09.13"]
[EventType "team-swiss"]
[EventRounds "7"]
[EventCountry "GER"]
[SourceTitle "EXT 2011"]
[Source "ChessBase"]
[SourceDate "2010.11.26"]
[SourceVersion "1"]
[SourceVersionDate "2010.11.26"]
[SourceQuality "1"]
[WhiteTeam "Brandenburg II"]
[BlackTeam "Mecklenburg Vorpommern"]
[WhiteTeamCountry "GER"]
[BlackTeamCountry "GER"]

1. g3 Nf6 2. Bg2 d5 3. Nf3 e6 4. d3 b6 5. Nbd2 Bb7 6. 0-0 Be7 7. b3 0-0 8. Bb2 c5 9. Re1 Nc6 10. e4 Qd7 11. e5 Ne8 12. h4 b5 13. a4 b4 14. Qe2 Rc8 15. h5 Na5 16. Rad1 Qc7 17. Bc1 c4 18. dxc4 dxc4 19. Nd4 Bxg2 20. Kxg2 cxb3 21. cxb3 Qb7+ 22. Qe4 Nc7 23. Qxb7 Nxb7 24. Nc6 Nd5 25. Nxa7 Nc3 26. Nxc8 Rxc8 27. Ne4 Nxd1 28. Rxd1 Na5 29. Rd7 Nxb3 30. Rxe7 Nxc1 31. Nd6 Rb8 32. a5 1/2-1/2

[Event "Niedersachsen-ch Seniors op 13th"]
[Site "Bad Bevensen"]
[Date "2010.07.14"]
[Round "9"]
[White "Huhn, Ulrich"]
[Black "Potthammel, Joerg"]
[Result "0-1"]
[WhiteElo "1833"]
[BlackElo "2018"]
[PlyCount "40"]
[EventDate "2010.07.06"]
[EventType "swiss"]
[EventRounds "9"]
[EventCountry "GER"]
[SourceTitle "EXT 2012"]
[Source "ChessBase"]
[SourceDate "2011.11.24"]
[SourceVersion "1"]
[SourceVersionDate "2011.11.24"]
[SourceQuality "1"]

1. d4 Nf6 2. Nc3 d5 3. Bg5 Bf5 4. Nf3 Nbd7 5. e3 e6 6. Bd3 Bxd3 7. Qxd3 Be7 8. 0-0 0-0 9. Rfe1 c5 10. Ne5 Nxe5 11. dxe5 Ng4 12. Bxe7 Qxe7 13. e4 d4 14. Qg3 dxc3 15. Qxg4 cxb2 16. Rab1 Rfd8 17. Red1 Rxd1+ 18. Rxd1 Rd8 19. Rb1 Qd7 20. h3 Qd2 0-1

[Event "Niedersachsen-ch Seniors op 13th"]
[Site "Bad Bevensen"]
[Date "2010.07.11"]
[Round "6"]
[White "Potthammel, Joerg"]
[Black "Storjohann, Klaus"]
[Result "0-1"]
[WhiteElo "2018"]
[BlackElo "1752"]
[PlyCount "54"]
[EventDate "2010.07.06"]
[EventType "swiss"]
[EventRounds "9"]
[EventCountry "GER"]
[SourceTitle "EXT 2012"]
[Source "ChessBase"]
[SourceDate "2011.11.24"]
[SourceVersion "1"]
[SourceVersionDate "2011.11.24"]
[SourceQuality "1"]

1. e4 e6 2. d4 d5 3. Nc3 dxe4 4. Nxe4 Nd7 5. Nf3 Ngf6 6. Bg5 Be7 7. Bxf6 Nxf6 8. Nxf6+ gxf6 9. c3 a6 10. Qb3 c5 11. Bd3 cxd4 12. 0-0-0 Qc7 13. Kb1 dxc3 14. Rc1 Qc5 15. Rxc3 Qb4 16. Qc2 Bd7 17. Rc1 Rd8 18. Rb3 Ba4 19. Qe2 Bxb3 20. axb3 Qd6 21. Be4 b5 22. Qe3 h5 23. Rc6 Qd1+ 24. Ka2 f5 25. Bc2 Qd5 26. Qc3 Rg8 27. g3 b4 0-1

[Event "Niedersachsen-ch Seniors op 13th"]
[Site "Bad Bevensen"]
[Date "2010.07.08"]
[Round "3"]
[White "Raessler, Arndt"]
[Black "Potthammel, Joerg"]
[Result "0-1"]
[WhiteElo "1792"]
[BlackElo "2018"]
[PlyCount "38"]
[EventDate "2010.07.06"]
[EventType "swiss"]
[EventRounds "9"]
[EventCountry "GER"]
[SourceTitle "EXT 2012"]
[Source "ChessBase"]
[SourceDate "2011.11.24"]
[SourceVersion "1"]
[SourceVersionDate "2011.11.24"]
[SourceQuality "1"]

1. d4 Nf6 2. c4 g6 3. Nc3 d5 4. cxd5 Nxd5 5. e4 Nxc3 6. bxc3 Bg7 7. Bc4 c5 8. Ne2 0-0 9. 0-0 Nc6 10. Be3 Bg4 11. f3 Na5 12. Bd3 cxd4 13. cxd4 Be6 14. Kh1 Bc4 15. Bf2 Rc8 16. Bxc4 Nxc4 17. Rc1 Qa5 18. Nc3 e6 19. Qe2 Bh6 0-1

[Event "EU-chT Seniors 12th"]
[Site "Dresden"]
[Date "2010.02.14"]
[Round "5"]
[White "Potthammel, Joerg"]
[Black "Schuetze, Hasso"]
[Result "1/2-1/2"]
[WhiteElo "2117"]
[BlackElo "2086"]
[PlyCount "94"]
[EventDate "2010.02.10"]
[EventType "team-swiss"]
[EventRounds "9"]
[EventCountry "GER"]
[SourceTitle "CBM 134 Extra"]
[Source "ChessBase"]
[SourceDate "2010.03.03"]
[SourceVersion "1"]
[SourceVersionDate "2010.03.03"]
[SourceQuality "1"]
[WhiteTeam "Mecklenburg Vorpommern Seniors"]
[BlackTeam "Denmark (Seniors) II"]
[WhiteTeamCountry "GER"]
[BlackTeamCountry "DEN"]

1. e4 c5 2. Nf3 e6 3. d4 cxd4 4. Nxd4 Nc6 5. Nc3 Nf6 6. Nxc6 bxc6 7. e5 Nd5 8. Ne4 f5 9. Nd6+ Bxd6 10. exd6 0-0 11. c4 Nf6 12. Bf4 Rb8 13. Be5 Ne4 14. Qd4 Qa5+ 15. Ke2 c5 16. Qd3 Ba6 17. b3 Rb4 18. Bc3 Nxc3+ 19. Qxc3 Qa3 20. Kf3 Rc8 21. Be2 Rc6 22. Rhd1 Bb7 23. Kg3 Qa6 24. Qe5 Rc8 25. h3 Qc6 26. Bf3 Qb6 27. Bxb7 Qxb7 28. Kh2 Rb6 29. Rd3 Qe4 30. Qxe4 fxe4 31. Rd2 Rcc6 32. Rad1 Kf7 33. Kg3 e5 34. Kg4 Ke6 35. Kg5 Rb8 36. Re1 Rxd6 37. Rxd6+ Kxd6 38. Rxe4 Rf8 39. f4 exf4 40. Rxf4 Re8 41. Rf7 Re7 42. Rxe7 Kxe7 43. Kf5 d6 44. h4 Kf7 45. h5 Ke7 46. g4 Kf7 47. g5 Ke7 1/2-1/2

[Event "Mecklenburg VP-ch Seniors op 09th"]
[Site "Binz"]
[Date "2009.12.08"]
[Round "8.8"]
[White "Liebert, Heinz"]
[Black "Potthammel, Joerg"]
[Result "1/2-1/2"]
[WhiteElo "2178"]
[BlackElo "1988"]
[PlyCount "82"]
[EventDate "2009.12.01"]
[EventType "swiss"]
[EventRounds "9"]
[EventCountry "GER"]
[SourceTitle "EXT 2022"]
[Source "ChessBase"]
[SourceDate "2021.10.06"]
[SourceVersion "1"]
[SourceVersionDate "2021.10.06"]
[SourceQuality "1"]

1. c4 f5 2. Nf3 Nf6 3. g3 g6 4. Bg2 Bg7 5. 0-0 0-0 6. d4 d6 7. Nc3 Qe8 8. d5 a5 9. Nd4 Na6 10. e4 Nxe4 11. Nxe4 fxe4 12. Bxe4 Bh3 13. Re1 Nc5 14. Bh1 Qf7 15. Be3 Rae8 16. Rc1 Qf6 17. Qd2 h6 18. Nb5 Qxb2 19. Rc2 Qb4 20. Qxb4 axb4 21. Bxc5 dxc5 22. Nxc7 Rc8 23. Rxe7 Bf6 24. d6 Bxe7 25. Bd5+ Kg7 26. dxe7 Rxc7 27. exf8Q+ Kxf8 28. f3 Bf5 29. Rd2 h5 30. Kf2 b6 31. Ke3 Ra7 32. Be4 Ra3+ 33. Kf4 Be6 34. Rd6 Bxc4 35. Rxb6 Rxa2 36. Bxg6 b3 37. Ke5 Bf7 38. Bxf7 Kxf7 39. Rxb3 Rxh2 40. Rc3 h4 41. gxh4 Rh3 1/2-1/2

[Event "Mecklenburg VP-ch Seniors op 09th"]
[Site "Binz"]
[Date "2009.12.06"]
[Round "6.17"]
[White "Lehmann, Erwin"]
[Black "Potthammel, Joerg"]
[Result "0-1"]
[WhiteElo "1825"]
[BlackElo "1988"]
[PlyCount "116"]
[EventDate "2009.12.01"]
[EventType "swiss"]
[EventRounds "9"]
[EventCountry "GER"]
[SourceTitle "EXT 2022"]
[Source "ChessBase"]
[SourceDate "2021.10.06"]
[SourceVersion "1"]
[SourceVersionDate "2021.10.06"]
[SourceQuality "1"]

1. c4 f5 2. g3 Nf6 3. Bg2 g6 4. Nc3 Bg7 5. e3 0-0 6. Nge2 d6 7. 0-0 c6 8. d3 e5 9. f4 Be6 10. b3 a5 11. Qd2 Na6 12. Ba3 Rf7 13. h3 Qc7 14. Rac1 Rd8 15. e4 Bh6 16. Rf2 Nh5 17. Qe3 exf4 18. gxf4 Qd7 19. Kh2 Nb4 20. Bb2 Bg7 21. a3 Na2 22. Rcf1 Nxc3 23. Bxc3 Bxc3 24. Nxc3 Re8 25. Qb6 Qd8 26. Na4 Qxb6 27. Nxb6 Ref8 28. e5 dxe5 29. fxe5 Rd8 30. Rd1 Rd4 31. Bf1 Rf8 32. Na4 Ng7 33. Bg2 Rfd8 34. Nc5 Bc8 35. Re2 Ne6 36. Nxe6 Bxe6 37. Red2 a4 38. bxa4 Bxc4 39. Rb2 Ba6 40. Rb6 Rxa4 41. d4 Rdxd4 42. Rxd4 Rxd4 43. Bxc6 bxc6 44. Rxa6 c5 45. e6 Kf8 46. a4 Ke7 47. a5 Ra4 48. Kg3 c4 49. Kf4 c3+ 50. Ke5 Re4+ 51. Kd5 Kf6 52. Rc6 Re5+ 53. Kd4 Rxa5 54. Kxc3 Re5 55. e7+ Kf7 56. h4 Rxe7 57. h5 g5 58. Kd4 g4 0-1

[Event "Mecklenburg VP-ch Seniors op 09th"]
[Site "Binz"]
[Date "2009.12.05"]
[Round "5.28"]
[White "Potthammel, Joerg"]
[Black "Smits, Oswald"]
[Result "1-0"]
[WhiteElo "1988"]
[BlackElo "1680"]
[PlyCount "99"]
[EventDate "2009.12.01"]
[EventType "swiss"]
[EventRounds "9"]
[EventCountry "GER"]
[SourceTitle "EXT 2022"]
[Source "ChessBase"]
[SourceDate "2021.10.06"]
[SourceVersion "1"]
[SourceVersionDate "2021.10.06"]
[SourceQuality "1"]

1. e4 c5 2. Nf3 d6 3. d4 cxd4 4. Nxd4 Nf6 5. Nc3 a6 6. Be2 b5 7. Nd5 Nxe4 8. Bf3 f5 9. Qe2 e6 10. Bxe4 fxe4 11. Qxe4 Kf7 12. Qf3+ Kg8 13. Nf6+ gxf6 14. Qxa8 Qc7 15. Qf3 e5 16. Qd5+ Kg7 17. Ne6+ Bxe6 18. Qxe6 Qxc2 19. Bh6+ Kg6 20. Be3 Qc6 21. Rc1 Qd7 22. Qxd7 Nxd7 23. Rc7 Nb8 24. Rc8 Bg7 25. Rxh8 Bxh8 26. Ke2 Nc6 27. Rc1 Ne7 28. Rc7 Kf7 29. Ra7 f5 30. Bg5 Bf6 31. Bxf6 Kxf6 32. Rxa6 Ke6 33. Rb6 e4 34. Rxb5 Nc6 35. Rb7 Ke5 36. Rxh7 d5 37. Rc7 Nd4+ 38. Kd2 Nb5 39. Rc5 Nd6 40. h4 f4 41. b4 Kd4 42. h5 e3+ 43. fxe3+ fxe3+ 44. Ke1 Ke4 45. h6 d4 46. h7 Nf7 47. Rc7 Nh8 48. b5 d3 49. Rc4+ Kd5 50. Rh4 1-0

[Event "GER-chT Seniors 18th"]
[Site "Finsterbergen"]
[Date "2009.09.18"]
[Round "7"]
[White "Potthammel, Joerg"]
[Black "Schwertel, Johann"]
[Result "1/2-1/2"]
[WhiteElo "2074"]
[BlackElo "2007"]
[PlyCount "24"]
[EventDate "2009.09.12"]
[EventType "team-swiss"]
[EventRounds "7"]
[EventCountry "GER"]
[SourceTitle "CBM 132 Extra"]
[Source "ChessBase"]
[SourceDate "2009.11.03"]
[SourceVersion "1"]
[SourceVersionDate "2009.11.03"]
[SourceQuality "1"]

1. c4 Nf6 2. g3 c6 3. Bg2 d5 4. cxd5 Nxd5 5. Nc3 Nxc3 6. bxc3 e6 7. Nf3 Qd5 8. Qc2 Nd7 9. d3 e5 10. 0-0 Bd6 11. a4 0-0 12. e4 Qe6 1/2-1/2

[Event "GER-chT Seniors 18th"]
[Site "Finsterbergen"]
[Date "2009.09.14"]
[Round "3"]
[White "Falk, Thomas"]
[Black "Potthammel, Joerg"]
[Result "1/2-1/2"]
[WhiteElo "2122"]
[BlackElo "2074"]
[PlyCount "74"]
[EventDate "2009.09.12"]
[EventType "team-swiss"]
[EventRounds "7"]
[EventCountry "GER"]
[SourceTitle "CBM 132 Extra"]
[Source "ChessBase"]
[SourceDate "2009.11.03"]
[SourceVersion "1"]
[SourceVersionDate "2009.11.03"]
[SourceQuality "1"]

1. d4 f5 2. Nf3 Nf6 3. g3 g6 4. Bg2 Bg7 5. c4 0-0 6. Nc3 d6 7. 0-0 c6 8. d5 e5 9. dxe6 Bxe6 10. Qd3 Na6 11. Ng5 Qe7 12. Bf4 Rfd8 13. Qe3 Re8 14. Nxe6 Qxe6 15. Qxe6+ Rxe6 16. Rad1 Ne8 17. Rd2 Nc5 18. Rfd1 Bxc3 19. bxc3 Kf7 20. Kf1 Rd8 21. Be3 Rc8 22. Bxc5 dxc5 23. e4 Ng7 24. Rd7+ Re7 25. Bh3 Rce8 26. exf5 Nxf5 27. Bxf5 gxf5 28. Kg2 Rxd7 29. Rxd7+ Re7 30. Rxe7+ Kxe7 31. a4 b6 32. Kf3 a6 33. Ke3 b5 34. axb5 cxb5 35. cxb5 axb5 36. Kd3 Kd6 37. f3 Ke6 1/2-1/2

[Event "GER-chT Seniors 18th"]
[Site "Finsterbergen"]
[Date "2009.09.14"]
[Round "4"]
[White "Potthammel, Joerg"]
[Black "Niebling, Ferdinand"]
[Result "1/2-1/2"]
[WhiteElo "2074"]
[BlackElo "2177"]
[PlyCount "54"]
[EventDate "2009.09.12"]
[EventType "team-swiss"]
[EventRounds "7"]
[EventCountry "GER"]
[SourceTitle "CBM 132 Extra"]
[Source "ChessBase"]
[SourceDate "2009.11.03"]
[SourceVersion "1"]
[SourceVersionDate "2009.11.03"]
[SourceQuality "1"]

1. e4 e6 2. d4 d5 3. Nc3 Bb4 4. e5 c5 5. a3 Bxc3+ 6. bxc3 Ne7 7. a4 Nbc6 8. Nf3 Qa5 9. Qd2 0-0 10. Be2 b6 11. 0-0 Ba6 12. Bxa6 Qxa6 13. Ba3 cxd4 14. cxd4 Rfc8 15. c3 Ng6 16. h4 h6 17. h5 Nf8 18. Qe3 Na5 19. Nd2 Nc4 20. Qd3 Nd7 21. f4 Nb8 22. Bc1 Nxd2 23. Qxa6 Nxa6 24. Bxd2 Rc4 25. g4 Rac8 26. f5 Nc7 27. f6 b5 1/2-1/2

[Event "GER-chT Seniors 18th"]
[Site "Finsterbergen"]
[Date "2009.09.13"]
[Round "2"]
[White "Potthammel, Joerg"]
[Black "Jentsch, Dieter"]
[Result "1-0"]
[WhiteElo "2074"]
[BlackElo "2171"]
[PlyCount "41"]
[EventDate "2009.09.12"]
[EventType "team-swiss"]
[EventRounds "7"]
[EventCountry "GER"]
[SourceTitle "CBM 132 Extra"]
[Source "ChessBase"]
[SourceDate "2009.11.03"]
[SourceVersion "1"]
[SourceVersionDate "2009.11.03"]
[SourceQuality "1"]

1. e4 e6 2. d4 d5 3. Nc3 Bb4 4. e5 c5 5. a3 Ba5 6. b4 cxd4 7. Qg4 Kf8 8. Nb5 Bc7 9. Nf3 Nc6 10. Qg3 a5 11. Nxc7 Qxc7 12. b5 Nb4 13. Nxd4 Nxc2+ 14. Nxc2 Qxc2 15. a4 Ne7 16. Ba3 Bd7 17. Bd3 Qc3+ 18. Ke2 Rc8 19. Rhc1 Qb3 20. Rxc8+ Bxc8 21. Qg5 1-0

[Event "GER-chT Seniors 18th"]
[Site "Finsterbergen"]
[Date "2009.09.12"]
[Round "1"]
[White "Schrems, Hermann"]
[Black "Potthammel, Joerg"]
[Result "1-0"]
[WhiteElo "2174"]
[BlackElo "2074"]
[PlyCount "71"]
[EventDate "2009.09.12"]
[EventType "team-swiss"]
[EventRounds "7"]
[EventCountry "GER"]
[SourceTitle "CBM 132 Extra"]
[Source "ChessBase"]
[SourceDate "2009.11.03"]
[SourceVersion "1"]
[SourceVersionDate "2009.11.03"]
[SourceQuality "1"]

1. d4 Nf6 2. c4 g6 3. Nc3 d5 4. cxd5 Nxd5 5. e4 Nxc3 6. bxc3 Bg7 7. Bc4 c5 8. Ne2 Nc6 9. Be3 0-0 10. Rc1 Bg4 11. f3 Na5 12. Bd3 cxd4 13. cxd4 Be6 14. Qd2 f5 15. e5 b6 16. Nf4 Bf7 17. Ba6 Qd7 18. Qe2 g5 19. Bb5 Qb7 20. Nd3 a6 21. Ba4 f4 22. Bf2 Rac8 23. 0-0 Bc4 24. Qd2 Rfd8 25. Rfe1 e6 26. Rb1 b5 27. Bd1 Qe7 28. Nb4 Nc6 29. Nxc6 Rxc6 30. a4 Qc7 31. Qb2 h6 32. axb5 axb5 33. Bc2 Ra8 34. Be4 Ra2 35. Qc1 Rca6 36. Rxb5 1-0

[Event "Bad Bevensen Seniors op 12th"]
[Site "Bad Bevensen"]
[Date "2009.07.15"]
[Round "9"]
[White "Potthammel, Joerg"]
[Black "Perk, Egbert"]
[Result "1-0"]
[WhiteElo "1968"]
[BlackElo "1810"]
[PlyCount "47"]
[EventDate "2009.07.07"]
[EventType "swiss"]
[EventRounds "9"]
[EventCountry "GER"]
[SourceTitle "EXT 2022"]
[Source "ChessBase"]
[SourceDate "2021.10.06"]
[SourceVersion "1"]
[SourceVersionDate "2021.10.06"]
[SourceQuality "1"]

1. e4 d6 2. c4 Nf6 3. Nc3 e5 4. Nge2 c6 5. g3 g6 6. Bg2 Bg7 7. d4 0-0 8. h3 Qe7 9. Be3 Na6 10. 0-0 Be6 11. b3 Ne8 12. Qd2 f5 13. f4 exd4 14. Bxd4 Nf6 15. exf5 Bxf5 16. g4 Be6 17. Rae1 Qd7 18. Ng3 Bf7 19. Nce4 Ne8 20. f5 Bxd4+ 21. Qxd4 c5 22. Qd2 Rd8 23. Qh6 gxf5 24. Rxf5 1-0

[Event "Bad Bevensen Seniors op 12th"]
[Site "Bad Bevensen"]
[Date "2009.07.13"]
[Round "7"]
[White "Potthammel, Joerg"]
[Black "Wittkugel, Friedhelm"]
[Result "1-0"]
[WhiteElo "1968"]
[BlackElo "1816"]
[PlyCount "37"]
[EventDate "2009.07.07"]
[EventType "swiss"]
[EventRounds "9"]
[EventCountry "GER"]
[SourceTitle "EXT 2022"]
[Source "ChessBase"]
[SourceDate "2021.10.06"]
[SourceVersion "1"]
[SourceVersionDate "2021.10.06"]
[SourceQuality "1"]

1. e4 e5 2. Nf3 Qe7 3. Nc3 c6 4. d4 d6 5. Bg5 f6 6. Be3 g6 7. Qd2 Bg7 8. dxe5 dxe5 9. Bc4 Be6 10. Bc5 Qxc5 11. Bxe6 Bh6 12. Qd3 Qe7 13. Qc4 Kf8 14. Rd1 Qd8 15. Qb4+ Ne7 16. Qxb7 Na6 17. Qxa6 f5 18. 0-0 fxe4 19. Nxe4 1-0

[Event "Bad Bevensen Seniors op 12th"]
[Site "Bad Bevensen"]
[Date "2009.07.10"]
[Round "4"]
[White "Baum, Bernd"]
[Black "Potthammel, Joerg"]
[Result "1/2-1/2"]
[WhiteElo "2199"]
[BlackElo "1968"]
[PlyCount "77"]
[EventDate "2009.07.07"]
[EventType "swiss"]
[EventRounds "9"]
[EventCountry "GER"]
[SourceTitle "EXT 2022"]
[Source "ChessBase"]
[SourceDate "2021.10.06"]
[SourceVersion "1"]
[SourceVersionDate "2021.10.06"]
[SourceQuality "1"]

1. d4 Nf6 2. Nf3 d5 3. e3 Nbd7 4. c4 e6 5. Nbd2 c6 6. Bd3 Bd6 7. 0-0 0-0 8. e4 dxe4 9. Nxe4 Nxe4 10. Bxe4 h6 11. Bc2 f5 12. Re1 Nf6 13. b3 Qc7 14. Bb2 b6 15. h3 Bd7 16. Ne5 Rad8 17. Qf3 Be8 18. Rac1 Bb4 19. Bc3 Bxc3 20. Qxc3 c5 21. dxc5 bxc5 22. Qe3 Rd6 23. Rcd1 Rxd1 24. Bxd1 Nd7 25. f4 Qa5 26. Qf2 Qc3 27. Kh2 Rf6 28. Bf3 Nxe5 29. Rxe5 g5 30. Rxc5 gxf4 31. Rc8 Rf8 32. Qh4 Qg7 33. Qxf4 e5 34. Qg3 e4 35. Qxg7+ Kxg7 36. Be2 f4 37. Kg1 Kg6 38. c5 Kf6 39. Bh5 1/2-1/2

[Event "Bad Bevensen Seniors op 12th"]
[Site "Bad Bevensen"]
[Date "2009.07.09"]
[Round "3"]
[White "Potthammel, Joerg"]
[Black "Ljubarskij, Jurij"]
[Result "1/2-1/2"]
[WhiteElo "1968"]
[BlackElo "2197"]
[PlyCount "41"]
[EventDate "2009.07.07"]
[EventType "swiss"]
[EventRounds "9"]
[EventCountry "GER"]
[SourceTitle "EXT 2022"]
[Source "ChessBase"]
[SourceDate "2021.10.06"]
[SourceVersion "1"]
[SourceVersionDate "2021.10.06"]
[SourceQuality "1"]

1. e4 e5 2. Nf3 Nc6 3. d4 exd4 4. Nxd4 Bc5 5. Be3 Qf6 6. c3 Nge7 7. Bc4 0-0 8. 0-0 Ne5 9. Be2 d5 10. Nd2 N5c6 11. Nxc6 Qxc6 12. Bxc5 Qxc5 13. Nb3 Qd6 14. exd5 Nxd5 15. Bf3 Be6 16. c4 Nb4 17. Qxd6 cxd6 18. Bxb7 Bxc4 19. Bxa8 Bxf1 20. Kxf1 Rxa8 21. a3 1/2-1/2

[Event "Hessen-ch Seniors op 05th"]
[Site "Bad Sooden-Allendorf"]
[Date "2009.04.27"]
[Round "3"]
[White "Potthammel, Joerg"]
[Black "Ghijsen, Pim"]
[Result "1/2-1/2"]
[WhiteElo "1957"]
[BlackElo "2008"]
[PlyCount "40"]
[EventDate "2009.04.25"]
[EventType "swiss"]
[EventRounds "9"]
[EventCountry "GER"]
[SourceTitle "EXT 2022"]
[Source "ChessBase"]
[SourceDate "2021.10.06"]
[SourceVersion "1"]
[SourceVersionDate "2021.10.06"]
[SourceQuality "1"]

1. e4 c5 2. Nf3 d6 3. d4 cxd4 4. Nxd4 Nf6 5. Nc3 a6 6. Bg5 e6 7. f4 Be7 8. Qf3 Qc7 9. 0-0-0 Nc6 10. Nxc6 Qxc6 11. Be2 Bd7 12. e5 dxe5 13. fxe5 Qxf3 14. Bxf3 Nd5 15. Bxe7 Nxc3 16. bxc3 Kxe7 17. Rd6 Bc6 18. Bxc6 bxc6 19. Rxc6 Rhc8 20. Rxc8 Rxc8 1/2-1/2

[Event "Wch Seniors 18th"]
[Site "Bad Zwischenahn"]
[Date "2008.10.28"]
[Round "1"]
[White "Potthammel, Joerg"]
[Black "Jansa, Vlastimil"]
[Result "0-1"]
[WhiteElo "2061"]
[BlackElo "2477"]
[PlyCount "38"]
[EventDate "2008.10.28"]
[EventType "swiss"]
[EventRounds "11"]
[EventCountry "GER"]
[SourceTitle "EXT 2009"]
[Source "ChessBase"]
[SourceDate "2008.11.26"]
[SourceVersion "1"]
[SourceVersionDate "2008.11.26"]
[SourceQuality "1"]

1. e4 c5 2. Nf3 e6 3. c3 Nf6 4. e5 Nd5 5. d4 cxd4 6. Qxd4 Nc6 7. Qe4 b6 8. Bg5 Qc7 9. Nbd2 Bb7 10. Bh4 Nde7 11. Bg3 Nf5 12. Bf4 Be7 13. Be2 g5 14. Bg3 h5 15. h3 Nb4 16. Qb1 Nxg3 17. fxg3 Nd5 18. Qd3 0-0-0 19. Qc4 Bc5 0-1

[Event "GER-chT Seniors 17th"]
[Site "Berlin"]
[Date "2008.09.02"]
[Round "3"]
[White "Potthammel, Joerg"]
[Black "Jagdhuber, Hans"]
[Result "1-0"]
[WhiteElo "2061"]
[BlackElo "1998"]
[PlyCount "63"]
[EventDate "2008.08.31"]
[EventType "team-swiss"]
[EventRounds "7"]
[EventCountry "GER"]
[SourceTitle "CBM 126 Extra"]
[Source "ChessBase"]
[SourceDate "2008.11.05"]
[SourceVersion "1"]
[SourceVersionDate "2008.11.05"]
[SourceQuality "1"]

1. e4 d5 2. exd5 Qxd5 3. Nc3 Qa5 4. b4 Qxb4 5. Nf3 c6 6. Rb1 Qd6 7. d4 Nf6 8. Bd3 b6 9. 0-0 g6 10. Re1 Bg7 11. Rb3 Be6 12. Ba3 Qc7 13. Rxe6 fxe6 14. Ng5 Qd7 15. Qe2 0-0 16. Nxe6 Rf7 17. Ng5 Qg4 18. Qxg4 Nxg4 19. Bc4 Nh6 20. Nce4 b5 21. Be6 Bf6 22. Rf3 Kg7 23. Bxf7 Nxf7 24. Ne6+ Kg8 25. Nxf6+ exf6 26. Nc7 b4 27. Bc1 Nd7 28. Nxa8 Nd8 29. a3 Ne6 30. Rd3 bxa3 31. Bxa3 Nf4 32. Rd2 1-0

[Event "GER-chT Seniors 17th"]
[Site "Berlin"]
[Date "2008.08.31"]
[Round "1"]
[White "Neukirch, Detlef"]
[Black "Potthammel, Joerg"]
[Result "1-0"]
[WhiteElo "2276"]
[BlackElo "2061"]
[PlyCount "67"]
[EventDate "2008.08.31"]
[EventType "team-swiss"]
[EventRounds "7"]
[EventCountry "GER"]
[SourceTitle "CBM 126 Extra"]
[Source "ChessBase"]
[SourceDate "2008.11.05"]
[SourceVersion "1"]
[SourceVersionDate "2008.11.05"]
[SourceQuality "1"]

1. e4 c6 2. d4 d5 3. Nc3 dxe4 4. Nxe4 Bf5 5. Ng3 Bg6 6. Nf3 Nd7 7. h4 h6 8. h5 Bh7 9. Bd3 Bxd3 10. Qxd3 Qc7 11. Bd2 e6 12. 0-0-0 Ngf6 13. Ne4 Nxe4 14. Qxe4 Nf6 15. Qe2 0-0-0 16. Rh4 Bd6 17. c4 c5 18. Bc3 Rhe8 19. Kb1 Re7 20. a3 Red7 21. Ka2 Qc6 22. d5 exd5 23. Bxf6 gxf6 24. cxd5 Qb6 25. Nd2 Kb8 26. Nc4 Qa6 27. Qe3 Qa4 28. b3 Qb5 29. Qxh6 a5 30. a4 Qb4 31. Qd2 Bc7 32. h6 b5 33. Qxb4 axb4 34. axb5 1-0

[Event "Mecklenburg VP LL2 West 0708"]
[Site "Mecklenburg VP"]
[Date "2008.04.09"]
[Round "8.1"]
[White "Potthammel, Joerg"]
[Black "Dettmann, Gerd"]
[Result "1/2-1/2"]
[WhiteElo "1938"]
[BlackElo "2102"]
[PlyCount "48"]
[EventDate "2007.10.21"]
[EventType "team-tourn"]
[EventRounds "9"]
[EventCountry "GER"]
[SourceTitle "EXT 2016"]
[Source "ChessBase"]
[SourceDate "2015.10.08"]
[SourceVersion "1"]
[SourceVersionDate "2015.10.08"]
[SourceQuality "1"]
[WhiteTeam "Malchow Schachinsel"]
[BlackTeam "Neukloster II"]
[WhiteTeamCountry "GER"]
[BlackTeamCountry "GER"]

1. e4 c5 2. Nf3 Nc6 3. Bb5 Nd4 4. Nxd4 cxd4 5. 0-0 g6 6. c3 Bg7 7. Qa4 Qb6 8. Na3 a6 9. Be2 Qc6 10. Qxc6 bxc6 11. cxd4 Bxd4 12. Nc2 Bg7 13. d4 Nf6 14. f3 0-0 15. Be3 a5 16. b3 d6 17. g4 Ba6 18. Kf2 Rfc8 19. Rac1 Nd7 20. Rfd1 Bxe2 21. Kxe2 c5 22. dxc5 Nxc5 23. Bxc5 Rxc5 24. Ne3 Rac8 1/2-1/2

[Event "EU-chT Seniors 10th"]
[Site "Dresden"]
[Date "2008.02.17"]
[Round "7.2"]
[White "Kverndal, Leif"]
[Black "Potthammel, Joerg"]
[Result "1/2-1/2"]
[WhiteElo "1914"]
[BlackElo "2075"]
[PlyCount "37"]
[EventDate "2008.02.11"]
[EventType "team-swiss"]
[EventRounds "9"]
[EventCountry "GER"]
[SourceTitle "CBM 122 Extra"]
[Source "ChessBase"]
[SourceDate "2008.03.04"]
[SourceVersion "1"]
[SourceVersionDate "2008.03.04"]
[SourceQuality "1"]
[WhiteTeam "Mecklenburg Vorpommern"]
[BlackTeam "Mecklenburg Vorpommern"]
[WhiteTeamCountry "GER"]
[BlackTeamCountry "GER"]

1. d4 Nf6 2. Nf3 g6 3. g3 Bg7 4. Bg2 0-0 5. 0-0 d5 6. c4 Nc6 7. cxd5 Nxd5 8. e4 Nb6 9. d5 Na5 10. Nc3 c6 11. Bf4 Nac4 12. Rb1 cxd5 13. Nxd5 Nxd5 14. exd5 Bf5 15. Rc1 Nxb2 16. Qd2 Rc8 17. Bh6 Bxh6 18. Qxh6 f6 19. Nd4 1/2-1/2